Les Pierre célèbres - Mort subite - Statistiques

Statistiques générales
  • Ce quiz a été pris 1 435 fois
  • Le résultat moyen est 6 sur 10
Answers on the Grid
Answers color-coded by a green-red scale on the quiz's grid according to % correct below.
Mondy
Pernault
Perret
Guetta
Richard
Ruquier
Polnareff
Delon
Foucault
Arditi
Chirac
Lavoine
Reichman
Cosso
Manet
Drucker
Corneille
Combal
Niney
De Coubertin
Bacri
Hanouna
Palmade
Gasly
 
Statistiques - réponses
Réponse % Correct
Niney
86%
Palmade
83%
Richard
75%
Perret
70%
Gasly
69%
De Coubertin
68%
Arditi
55%
Corneille
52%
Mondy
46%
Cosso
37%
Aucun quiz correspondant
Distribution des résultats
% des personnes avec chaque résultat
Percentile par nombre de réponses
Votre historique - résultats
Vous n’avez pas pris ce quiz